Kalighat Painting: Images from a Changing World (Record no. 1846346)

MARC details
000 -LEADER
fixed length control field 00702nam a2200301Ia 4500
005 - DATE AND TIME OF LATEST TRANSACTION
control field 20260401122311.0
008 - FIXED-LENGTH DATA ELEMENTS--GENERAL INFORMATION
fixed length control field 008 250103s9999 xx 000 0 eng d
020 ## - INTERNATIONAL STANDARD BOOK NUMBER
International Standard Book Number 1890206172
037 ## - SOURCE OF ACQUISITION
Stock number TB
040 ## - CATALOGING SOURCE
Original cataloging agency EDL
040 ## - CATALOGING SOURCE
Language of cataloging eng
040 ## - CATALOGING SOURCE
Transcribing agency EDL
041 ## - LANGUAGE CODE
Source of code eng
041 ## - LANGUAGE CODE
Language code of text/sound track or separate title eng
084 ## - COLON CLASSIFICATION NUMBER
Classification number 759.954147 JAI
084 ## - COLON CLASSIFICATION NUMBER
Assigning agency EDL
100 ## - MAIN ENTRY--PERSONAL NAME
Personal name Jain, Jyotindra
9 (RLIN) 1233178
245 #0 - TITLE STATEMENT
Title Kalighat Painting: Images from a Changing World
245 #0 - TITLE STATEMENT
Statement of responsibility, etc. Jain, Jyotindra
260 ## - PUBLICATION, DISTRIBUTION, ETC.
Place of publication, distribution, etc. Ahmedabad
260 ## - PUBLICATION, DISTRIBUTION, ETC.
Name of publisher, distributor, etc. Mapin publishing Pvt. Ltd.
260 ## - PUBLICATION, DISTRIBUTION, ETC.
Date of publication, distribution, etc. 1999
300 ## - PHYSICAL DESCRIPTION
Extent 232p
942 ## - ADDED ENTRY ELEMENTS (KOHA)
Koha item type Textbook
942 ## - ADDED ENTRY ELEMENTS (KOHA)
Classification part 759.954147 JAI
Holdings
Withdrawn status Lost status Damaged status Not for loan Home library Current library Date acquired Total Checkouts Full call number Barcode Date last seen Price effective from Koha item type
        Department of English Library Department of English Library 2026-04-01   759.954147 JAI EL2151673 2026-04-01 2026-04-01 Textbook
Copyright @ Delhi University Library System